[Event "Chigorin Memorial"]
[Site "St Petersburg"]
[Date "2015.10.10"]
[Round "8.90"]
[White "Ageichenko, Genadi A"]
[Black "Sergeeva, Natalia"]
[Result "0-1"]
[WhiteElo "2257"]
[BlackElo "2077"]
[PlyCount "104"]
[EventDate "2015.10.03"]
[EventRounds "9"]
[EventCountry "RUS"]

1. d4 Nf6 2. c4 e6 3. Nc3 d5 4. cxd5 exd5 5. Bg5 Be7 6. e3 c6 7. Bd3 Nbd7 8.
Qc2 h6 9. Bh4 Nh5 10. Bxe7 Qxe7 11. Nge2 Nb6 12. O-O-O Be6 13. Kb1 Nf6 14. f3
O-O-O 15. g4 Kb8 16. Ng3 g6 17. Rc1 Rhe8 18. Rhe1 Qd6 19. Qf2 Re7 20. h4 Rh8
21. b3 h5 22. g5 Ne8 23. Nge2 Ng7 24. e4 dxe4 25. fxe4 Rd8 26. Rcd1 Bg4 27. Bc2
Qb4 28. Rd3 Ne6 29. d5 cxd5 30. exd5 Nc7 31. Rd4 Qa3 32. Nf4 Rxe1+ 33. Qxe1 Qc5
34. Qd2 Nb5 35. Nxb5 Qxb5 36. Qe3 Qc5 37. Nd3 Qd6 38. Nf4 Nd7 39. Ra4 a6 40.
Rc4 Nb6 41. Rd4 Bd7 42. Bd3 Qc5 43. Re4 Qd6 44. Qd4 Bf5 45. Re3 Nxd5 46. Nxd5
Qxd5 47. Qf4+ Ka7 48. Bxf5 Qd1+ 49. Kb2 Rd2+ 50. Ka3 Qc1+ 51. Kb4 a5+ 52. Ka4
Rxa2+ 0-1

[Event "Chigorin Memorial"]
[Site "St Petersburg"]
[Date "2015.10.10"]
[Round "8.91"]
[White "Soldatov, Arnold"]
[Black "Shapiro, David"]
[Result "1/2-1/2"]
[WhiteElo "2085"]
[BlackElo "2255"]
[PlyCount "82"]
[EventDate "2015.10.03"]
[EventRounds "9"]
[EventCountry "RUS"]

1. c4 e6 2. Nf3 d5 3. d4 c6 4. Nc3 Nf6 5. e3 Nbd7 6. Bd3 dxc4 7. Bxc4 b5 8. Bd3
a6 9. a3 c5 10. dxc5 Nxc5 11. Bc2 Qxd1+ 12. Bxd1 Nd3+ 13. Ke2 Nxc1+ 14. Rxc1
Bb7 15. Bc2 Bc5 16. Bd3 Rc8 17. Nd2 O-O 18. f3 Nd7 19. Rc2 f5 20. Rhc1 Be7 21.
Nd1 Nc5 22. Nf2 Bd6 23. g3 g5 24. b4 Nxd3 25. Nxd3 Rxc2 26. Rxc2 e5 27. e4 f4
28. g4 Kf7 29. Nc5 Bc8 30. Nxa6 h5 31. h3 hxg4 32. hxg4 Bxa6 33. Rc6 Bxb4 34.
Rxa6 Bc3 35. Rb6 Rh8 36. Kd3 Bxd2 37. Kxd2 Rh2+ 38. Ke1 Rb2 39. a4 Rb1+ 40. Ke2
Rb2+ 41. Ke1 Rb1+ 1/2-1/2

[Event "Chigorin Memorial"]
[Site "St Petersburg"]
[Date "2015.10.10"]
[Round "8.92"]
[White "Miroshnichenko, Pavel"]
[Black "Nasibullin, Iskander"]
[Result "1-0"]
[WhiteElo "2255"]
[BlackElo "2075"]
[PlyCount "65"]
[EventDate "2015.10.03"]
[EventRounds "9"]
[EventCountry "RUS"]

1. e4 c5 2. Nf3 e6 3. Nc3 Nc6 4. d4 cxd4 5. Nxd4 Qc7 6. Be2 Bb4 7. Nxc6 bxc6 8.
Qd4 Bd6 9. Qxg7 Be5 10. Bf4 Bxg7 11. Bxc7 d5 12. O-O-O Bd7 13. Rhe1 Ne7 14. Ba6
Bc8 15. Bf1 Bd7 16. Bd6 d4 17. Na4 e5 18. Bc4 Nc8 19. Bc5 Rb8 20. Rd3 Be6 21.
Bxe6 fxe6 22. Ba3 Nb6 23. Nc5 Kf7 24. Rf3+ Bf6 25. b3 Rbe8 26. c3 Kg6 27. Rg3+
Bg5+ 28. Kc2 Kh6 29. Nd3 Nd7 30. cxd4 exd4 31. h4 Bf6 32. Bc1+ Kh5 33. Nf4+ 1-0

[Event "Chigorin Memorial"]
[Site "St Petersburg"]
[Date "2015.10.10"]
[Round "8.93"]
[White "Sazonova, Anastasia"]
[Black "Petrov, Dmitri"]
[Result "0-1"]
[WhiteElo "2065"]
[BlackElo "2245"]
[PlyCount "94"]
[EventDate "2015.10.03"]
[EventRounds "9"]
[EventCountry "RUS"]

1. d4 d5 2. Nf3 Nc6 3. Bf4 Bg4 4. e3 Nf6 5. c4 e6 6. Nc3 Bd6 7. Bg3 O-O 8. Be2
Re8 9. Rc1 a6 10. cxd5 exd5 11. a3 Ne7 12. Bxd6 Qxd6 13. Ne5 Bxe2 14. Nxe2 b6
15. Nd3 Nf5 16. h3 Ne4 17. Qc2 Rac8 18. b4 Qh6 19. O-O Ned6 20. Nef4 c6 21.
Rfd1 Nc4 22. Nb2 Nfxe3 23. fxe3 Nxe3 24. Qf2 Nxd1 25. Rxd1 Re4 26. Rf1 Qf6 27.
Ne2 Qxf2+ 28. Kxf2 Rce8 29. Ng3 Rxd4 30. Rd1 Rf4+ 31. Kg1 Re3 32. Rd3 Rxd3 33.
Nxd3 Rc4 34. Ne5 Rc3 35. Nf5 f6 36. Nd7 Kf7 37. Nxb6 Rxa3 38. Nd4 Rc3 39. Nc8
c5 40. bxc5 Rxc5 41. Nb6 a5 42. Ne2 Rb5 43. Na4 Rb4 44. Nac3 d4 45. Nd5 Rb2 46.
Nef4 a4 47. Nd3 a3 0-1

[Event "Chigorin Memorial"]
[Site "St Petersburg"]
[Date "2015.10.10"]
[Round "8.94"]
[White "Kulagin, Sergey"]
[Black "Shkalov, Oleg"]
[Result "0-1"]
[WhiteElo "2055"]
[BlackElo "2239"]
[PlyCount "95"]
[EventDate "2015.10.03"]
[EventRounds "9"]
[EventCountry "RUS"]

1. e4 c5 2. Nf3 Nc6 3. d4 cxd4 4. Nxd4 Nf6 5. Nc3 g6 6. Nxc6 bxc6 7. e5 Ng8 8.
Bc4 Qa5 9. Bf4 Bg7 10. O-O Bxe5 11. Bxe5 Qxe5 12. Re1 Qf5 13. Qd4 Qf6 14. Qc5
Kf8 15. Re3 Nh6 16. Rae1 Nf5 17. Ne4 Qd4 18. Rf3 Qxc5 19. Nxc5 h5 20. h3 h4 21.
Ra3 Kg7 22. Na4 Rb8 23. Nc5 d6 24. Nb3 Rb7 25. Bd3 c5 26. Ba6 Rc7 27. Bxc8
Rhxc8 28. Re4 d5 29. Rea4 c4 30. Nc1 Nd4 31. Ra5 e6 32. c3 Nc2 33. R3a4 Rb8 34.
b3 Rbb7 35. Ne2 cxb3 36. axb3 Rxb3 37. Rxh4 Rb1+ 38. Kh2 Rd1 39. Ra2 Rd2 40.
Nd4 Rxc3 41. Nb5 Rb3 42. Nd6 Ne3 43. Ne8+ Kg8 44. Nf6+ Kf8 45. Rxa7 Rxf2 46.
Nd7+ Kg7 47. Ra1 Rxg2+ 48. Kh1 0-1

[Event "Chigorin Memorial"]
[Site "St Petersburg"]
[Date "2015.10.10"]
[Round "8.95"]
[White "Sinyanskiy, Maxim"]
[Black "Dimitrova, Aleksandra"]
[Result "0-1"]
[WhiteElo "2043"]
[BlackElo "2235"]
[PlyCount "62"]
[EventDate "2015.10.03"]
[EventRounds "9"]
[EventCountry "RUS"]

1. e4 c5 2. Nf3 Nc6 3. d4 cxd4 4. Nxd4 Qb6 5. Nb3 Nf6 6. Nc3 e6 7. Be3 Qc7 8.
a3 a6 9. f4 d6 10. Be2 b5 11. O-O Be7 12. Qe1 Nd7 13. Qg3 Bf6 14. Qh3 Rb8 15.
f5 Nb6 16. fxe6 Bxe6 17. Bg4 Bc4 18. Rxf6 gxf6 19. Nd4 Ne5 20. Bh5 Ng6 21. b3
Be6 22. Nxe6 Qxc3 23. Rd1 Rg8 24. Nd4 Nf4 25. Qf3 Nxg2 26. Bxf7+ Kxf7 27. Qh5+
Rg6 28. Qxh7+ Rg7 29. Qh5+ Kg8 30. Kh1 Nxe3 31. Ne6 Qxc2 0-1

[Event "Chigorin Memorial"]
[Site "St Petersburg"]
[Date "2015.10.10"]
[Round "8.96"]
[White "Oberholzer, Francois"]
[Black "Orlov, Konstantin"]
[Result "1/2-1/2"]
[WhiteElo "2032"]
[BlackElo "2222"]
[PlyCount "56"]
[EventDate "2015.10.03"]
[EventRounds "9"]
[EventCountry "RUS"]

1. e4 c5 2. c3 Nf6 3. e5 Nd5 4. Nf3 g6 5. Bc4 Nb6 6. Bb3 Bg7 7. O-O O-O 8. a4
d5 9. d4 cxd4 10. cxd4 Nc6 11. h3 Bf5 12. Nc3 Rc8 13. Nh4 Bd7 14. f4 e6 15. Nf3
Na5 16. Bc2 Nbc4 17. h4 Qb6 18. Rb1 Nc6 19. f5 N4xe5 20. fxg6 fxg6 21. Nxe5
Nxe5 22. Rxf8+ Rxf8 23. a5 Qb4 24. dxe5 Qxh4 25. Qe2 Bxe5 26. Qxe5 Qf2+ 27. Kh2
Qh4+ 28. Kg1 Qf2+ 1/2-1/2

[Event "Chigorin Memorial"]
[Site "St Petersburg"]
[Date "2015.10.10"]
[Round "8.97"]
[White "Mesnyankin, Nikita"]
[Black "Pavlov, Anatoly F"]
[Result "1-0"]
[WhiteElo "2218"]
[BlackElo "2018"]
[PlyCount "51"]
[EventDate "2015.10.03"]
[EventRounds "9"]
[EventCountry "RUS"]

1. e4 d6 2. d4 Nf6 3. Nc3 g6 4. Be3 Bg7 5. f3 c6 6. Qd2 Qc7 7. Nge2 Nbd7 8. g4
b5 9. Ng3 h5 10. g5 Nh7 11. h4 a6 12. f4 Bb7 13. a4 b4 14. Nce2 c5 15. Bh3 Nhf8
16. O-O a5 17. Rad1 Ba6 18. Rf2 Ne6 19. Bxe6 fxe6 20. f5 exf5 21. exf5 Bxe2 22.
Qxe2 cxd4 23. Bxd4 Bxd4 24. Rxd4 Ne5 25. fxg6 Nxg6 26. Qe4 1-0

[Event "Chigorin Memorial"]
[Site "St Petersburg"]
[Date "2015.10.10"]
[Round "8.98"]
[White "Zaykov, Sergey"]
[Black "Privorotsky, Oleg"]
[Result "1/2-1/2"]
[WhiteElo "2210"]
[BlackElo "1985"]
[PlyCount "65"]
[EventDate "2015.10.03"]
[EventRounds "9"]
[EventCountry "RUS"]

1. e4 c5 2. c3 Nf6 3. e5 Nd5 4. d4 cxd4 5. Nf3 Nc6 6. Bc4 Nb6 7. Bb3 d6 8. exd6
Qxd6 9. O-O Be6 10. Bxe6 Qxe6 11. Nxd4 Nxd4 12. Qxd4 Rd8 13. Qf4 Qc6 14. Nd2
Nd5 15. Qe4 e6 16. Nf3 Bd6 17. Bg5 Rd7 18. Rad1 h6 19. Be3 Nxe3 20. Qxc6 bxc6
21. fxe3 Kd8 22. Kf2 Kc7 23. Ke2 Rb8 24. Rd2 Be7 25. Rxd7+ Kxd7 26. Ne5+ Ke8
27. Nc4 Rb5 28. Kd3 Rd5+ 29. Ke2 Rc5 30. Kd3 Rd5+ 31. Ke2 Rc5 32. Kd3 Rd5+ 33.
Ke2 1/2-1/2

[Event "Chigorin Memorial"]
[Site "St Petersburg"]
[Date "2015.10.10"]
[Round "8.99"]
[White "Larin, Maxim"]
[Black "Nazarova, Anastasia"]
[Result "1-0"]
[WhiteElo "2199"]
[BlackElo "1941"]
[PlyCount "131"]
[EventDate "2015.10.03"]
[EventRounds "9"]
[EventCountry "RUS"]

1. d4 d5 2. c4 e6 3. Nc3 Nf6 4. Nf3 Be7 5. Bg5 h6 6. Bxf6 Bxf6 7. e3 O-O 8. Rc1
b6 9. cxd5 exd5 10. b4 a6 11. Bd3 c6 12. O-O Be6 13. Ne2 Qd6 14. Nf4 Bg4 15. h3
Bxf3 16. Qxf3 b5 17. Nh5 Be7 18. Bb1 g6 19. Nf4 Bf6 20. Qg3 Rd8 21. h4 Ra7 22.
Rfd1 Bg7 23. Qf3 Qf6 24. Qh3 Bf8 25. h5 g5 26. Nd3 Bd6 27. Rf1 Qe6 28. g4 Re7
29. Nc5 Qf6 30. Bf5 Rde8 31. Nd3 Bc7 32. a3 Bd6 33. Kg2 Bc7 34. Qf3 Kg7 35. Rc2
Qd6 36. Rg1 Rxe3 37. fxe3 Qh2+ 38. Kf1 Qxc2 39. Rg2 Qb1+ 40. Ne1 Qc1 41. Re2
Qxa3 42. Nd3 a5 43. Kg2 axb4 44. Bg6 fxg6 45. Rf2 Bf4 46. exf4 Rf8 47. Qe3 Nd7
48. hxg6 b3 49. Nc5 Nf6 50. fxg5 hxg5 51. Ne6+ Kg8 52. Nxf8 Qxf8 53. g7 Qe8 54.
Qxe8+ Nxe8 55. Rf8+ Kxg7 56. Rxe8 Kf7 57. Re3 b2 58. Rb3 Ke7 59. Rxb2 Kd6 60.
Kf3 c5 61. Rxb5 cxd4 62. Rb6+ Kc5 63. Rg6 Kc4 64. Ke2 Kc3 65. Kd1 d3 66. Rxg5
1-0

[Event "Chigorin Memorial"]
[Site "St Petersburg"]
[Date "2015.10.10"]
[Round "8.101"]
[White "Stepanov, Andrey"]
[Black "Salman, Pavel"]
[Result "1/2-1/2"]
[WhiteElo "1980"]
[BlackElo "2183"]
[PlyCount "72"]
[EventDate "2015.10.03"]
[EventRounds "9"]
[EventCountry "RUS"]

1. e4 c5 2. Nf3 e6 3. d4 cxd4 4. Nxd4 a6 5. Bd3 Bc5 6. Nb3 Ba7 7. Qe2 Ne7 8.
O-O O-O 9. c4 d6 10. Be3 e5 11. Nc3 Nbc6 12. Bxa7 Rxa7 13. Qe3 Be6 14. Rfd1 Qb8
15. Bf1 f5 16. f3 fxe4 17. Nxe4 Nf5 18. Qe1 b5 19. c5 Bxb3 20. axb3 dxc5 21.
Nxc5 Nfd4 22. Kh1 a5 23. Qe4 Kh8 24. Rac1 Nb4 25. Nd3 Nxd3 26. Bxd3 g6 27. Rc5
Re7 28. Re1 Rfe8 29. f4 Qb7 30. fxe5 Qxe4 31. Rxe4 Rd8 32. Re3 Nf5 33. Rf3 Nd4
34. Re3 Nf5 35. Rf3 Nd4 36. Re3 Nf5 1/2-1/2

[Event "Chigorin Memorial"]
[Site "St Petersburg"]
[Date "2015.10.10"]
[Round "8.102"]
[White "Kunin, Pavel"]
[Black "Reshetnikov, Ruslan"]
[Result "1-0"]
[WhiteElo "1957"]
[BlackElo "2178"]
[PlyCount "65"]
[EventDate "2015.10.03"]
[EventRounds "9"]
[EventCountry "RUS"]

1. e4 d6 2. d4 Nf6 3. Bd3 c6 4. Nf3 Bg4 5. Nbd2 d5 6. e5 Nfd7 7. h3 Bxf3 8.
Nxf3 e6 9. O-O Be7 10. c3 c5 11. a3 Nc6 12. b4 cxb4 13. cxb4 Qb6 14. Bb2 O-O
15. Qe2 Rfc8 16. g4 Nf8 17. Rab1 a6 18. Qe3 Qd8 19. Nd2 b5 20. Rbc1 Nd7 21. f4
Nb6 22. Nf3 Nc4 23. Rxc4 bxc4 24. Bb1 Rcb8 25. f5 g6 26. f6 Bf8 27. h4 Qe8 28.
h5 Nd8 29. Kg2 Ra7 30. Rh1 a5 31. Ng5 Bh6 32. hxg6 Bxg5 33. gxh7+ 1-0

[Event "Chigorin Memorial"]
[Site "St Petersburg"]
[Date "2015.10.10"]
[Round "8.103"]
[White "Shubin, Kirill"]
[Black "Sheynin, Izrail"]
[Result "1-0"]
[WhiteElo "2176"]
[BlackElo "1957"]
[PlyCount "111"]
[EventDate "2015.10.03"]
[EventRounds "9"]
[EventCountry "RUS"]

1. e4 c5 2. Nf3 d6 3. d4 Nf6 4. dxc5 Nxe4 5. cxd6 Nxd6 6. Bf4 e6 7. Nc3 Nc6 8.
Qd2 Be7 9. O-O-O Nf5 10. g4 Qxd2+ 11. Rxd2 Nh4 12. Nxh4 Bxh4 13. Bb5 O-O 14.
Bxc6 bxc6 15. Bd6 Re8 16. Rg1 Bd8 17. f4 Bb6 18. Rg3 Ba6 19. Ne4 Bc4 20. Ba3
Red8 21. Nd6 Ba6 22. Rc3 Bb5 23. Bb4 h6 24. b3 Ba6 25. Rxc6 Bf1 26. Rc3 a5 27.
Ba3 a4 28. b4 Ra7 29. Ne4 Rad7 30. Rxd7 Rxd7 31. Nc5 Rd5 32. Nxa4 Bg1 33. h3
Bd4 34. Rg3 Bc4 35. Nc3 Bxc3 36. Rxc3 Be2 37. Re3 Bc4 38. Re4 Bf1 39. Re3 Rd4
40. Rf3 Be2 41. Rf2 Rd1+ 42. Kb2 Bc4 43. Rf3 f6 44. Rc3 Rd4 45. Rxc4 Rxc4 46.
b5 Kf7 47. Kb3 Rc7 48. c4 Ke8 49. c5 Ra7 50. b6 Rxa3+ 51. Kxa3 Kd7 52. Kb4 g5
53. fxg5 hxg5 54. Kc4 f5 55. gxf5 exf5 56. Kd5 1-0

[Event "Chigorin Memorial"]
[Site "St Petersburg"]
[Date "2015.10.10"]
[Round "8.104"]
[White "Machlik, Edit"]
[Black "Pimenov, Valeri"]
[Result "0-1"]
[WhiteElo "1946"]
[BlackElo "2171"]
[PlyCount "100"]
[EventDate "2015.10.03"]
[EventRounds "9"]
[EventCountry "RUS"]

1. d4 Nf6 2. c4 e6 3. Nc3 Bb4 4. Qc2 c5 5. dxc5 O-O 6. Bg5 Nc6 7. a3 Bxc5 8.
Nf3 Be7 9. Rd1 d5 10. Bxf6 Bxf6 11. cxd5 Bxc3+ 12. Qxc3 exd5 13. e3 Be6 14. Be2
Rc8 15. O-O Qe7 16. Qd2 f6 17. Rc1 Ne5 18. Rxc8 Rxc8 19. Rc1 Nc4 20. Qd4 b6 21.
Bd3 Rc5 22. Rc2 Bf7 23. Qh4 g6 24. Qd4 Ne5 25. Ne1 Be6 26. b4 Rxc2 27. Bxc2 Qc7
28. Qd2 Nc4 29. Qc3 Qe5 30. Qxe5 fxe5 31. a4 Kf7 32. Kf1 Bd7 33. Nd3 Ke6 34.
Ke2 Kd6 35. f4 e4 36. Nc1 Nb2 37. b5 Kc5 38. Na2 Bg4+ 39. Ke1 d4 40. Bxe4 dxe3
41. Nc1 Nxa4 42. Bc6 a5 43. Nd3+ Kd4 44. Ne5 Bf5 45. g4 Be4 46. Nc4 Kxc4 47.
Bxe4 Nc3 48. Bc6 a4 49. Be8 a3 50. Bf7+ Nd5 0-1

[Event "Chigorin Memorial"]
[Site "St Petersburg"]
[Date "2015.10.10"]
[Round "8.105"]
[White "Vorobjev, Dmitry"]
[Black "Ngnegevo, Filipp"]
[Result "1-0"]
[WhiteElo "2163"]
[BlackElo "1937"]
[PlyCount "59"]
[EventDate "2015.10.03"]
[EventRounds "9"]
[EventCountry "RUS"]

1. e4 c5 2. Nf3 d6 3. d4 cxd4 4. Nxd4 Nf6 5. Nc3 a6 6. Bg5 Nbd7 7. Be2 h6 8.
Ne6 Qa5 9. Bxf6 Nxf6 10. Nxf8 Kxf8 11. O-O Be6 12. Kh1 g5 13. f4 gxf4 14. Rxf4
Qe5 15. Qd2 Qg5 16. Raf1 Rg8 17. g3 Rd8 18. e5 Qxe5 19. Rb4 Ke8 20. Rxb7 d5 21.
Bf3 d4 22. Qe2 Qc5 23. Na4 Qd6 24. Rb6 Qc7 25. Rc6 Qa5 26. Nc5 Bd5 27. Nb7 Qb5
28. Qxb5 axb5 29. Nxd8 Kxd8 30. Rxf6 1-0

[Event "Chigorin Memorial"]
[Site "St Petersburg"]
[Date "2015.10.10"]
[Round "8.106"]
[White "Shapar, Tatiana"]
[Black "Yudkevich, Mikhail"]
[Result "0-1"]
[WhiteElo "1804"]
[BlackElo "2154"]
[PlyCount "78"]
[EventDate "2015.10.03"]
[EventRounds "9"]
[EventCountry "RUS"]

1. e4 e6 2. d4 d5 3. exd5 exd5 4. Nf3 Bd6 5. Bd3 Nc6 6. c3 Nge7 7. Qc2 Bg4 8.
Nfd2 Qd7 9. O-O O-O-O 10. b4 Bf5 11. b5 Bxd3 12. Qxd3 Na5 13. c4 dxc4 14. Nxc4
Nxc4 15. Qxc4 f6 16. a4 Kb8 17. Bd2 g5 18. Bc3 Bf4 19. Rd1 g4 20. Nd2 Bxd2 21.
Rxd2 Nd5 22. Bb2 h5 23. a5 Rhe8 24. a6 b6 25. g3 Re6 26. Re2 Rxe2 27. Qxe2 Re8
28. Qd3 f5 29. Rc1 h4 30. gxh4 Nf4 31. Qc4 Re2 32. Qg8+ Qc8 33. Qxc8+ Kxc8 34.
Ba3 Nh3+ 35. Kh1 Nxf2+ 36. Kg1 Nh3+ 37. Kh1 Kd7 38. Rf1 f4 39. Bc1 g3 0-1

[Event "Chigorin Memorial"]
[Site "St Petersburg"]
[Date "2015.10.10"]
[Round "8.107"]
[White "Opanasenko, Mikhail"]
[Black "Mirzaeva, Gulnara"]
[Result "1-0"]
[WhiteElo "2153"]
[BlackElo "1890"]
[PlyCount "79"]
[EventDate "2015.10.03"]
[EventRounds "9"]
[EventCountry "RUS"]

1. d4 d5 2. c4 dxc4 3. e3 Nf6 4. Bxc4 e6 5. Nf3 a6 6. O-O c5 7. Bb3 Nc6 8. Qe2
cxd4 9. Rd1 Be7 10. Nxd4 Nxd4 11. Rxd4 Qc7 12. Rd1 O-O 13. e4 Bd7 14. Nc3 Bd6
15. Rxd6 Qxd6 16. e5 Qd4 17. exf6 Qxf6 18. Bc2 Bc6 19. Qg4 Qe7 20. Qh3 f5 21.
Be3 Qf6 22. Re1 Kh8 23. Bf4 Rad8 24. Bb3 Bd5 25. Be5 Qf7 26. Nxd5 exd5 27. f4
Qd7 28. Rd1 Qb5 29. Qd3 Qc5+ 30. Qd4 Qe7 31. Rd3 Rf6 32. h3 Rg6 33. Bxd5 Qh4
34. Qf2 Qe7 35. Qd2 h6 36. Bb3 Rxd3 37. Qxd3 Qh4 38. Kh2 Rg4 39. g3 Qh5 40.
Qd8+ 1-0

[Event "Chigorin Memorial"]
[Site "St Petersburg"]
[Date "2015.10.10"]
[Round "8.108"]
[White "Samdanov, Samdan"]
[Black "Abasheeva, Ksenia"]
[Result "1-0"]
[WhiteElo "2315"]
[BlackElo "1780"]
[PlyCount "67"]
[EventDate "2015.10.03"]
[EventRounds "9"]
[EventCountry "RUS"]

1. Nf3 c5 2. g3 Nf6 3. Bg2 d5 4. O-O e6 5. d3 Bd6 6. Nbd2 O-O 7. e4 Nc6 8. Re1
dxe4 9. dxe4 Bc7 10. c3 Qe7 11. Qe2 Rd8 12. a4 Nd7 13. Nc4 Nde5 14. Nfxe5 Nxe5
15. Be3 Bd7 16. f4 Nxc4 17. Qxc4 Rac8 18. Qxc5 Bd6 19. Qxa7 Ra8 20. Qb6 Bxa4
21. e5 Bc7 22. Qxb7 Rab8 23. Qa7 Bb3 24. Qc5 Qd7 25. Qc6 Qc8 26. Ra7 Rd7 27.
Rea1 Qd8 28. Bf3 Bd1 29. Ra8 Bxf3 30. Qxf3 Bb6 31. Rxb8 Bxe3+ 32. Kf1 Qxb8 33.
Ra8 Rd1+ 34. Ke2 1-0

[Event "Chigorin Memorial"]
[Site "St Petersburg"]
[Date "2015.10.10"]
[Round "8.109"]
[White "Martynyuk, Elizaveta"]
[Black "Beznosikov, Vladimir"]
[Result "0-1"]
[WhiteElo "2031"]
[BlackElo "2298"]
[PlyCount "102"]
[EventDate "2015.10.03"]
[EventRounds "9"]
[EventCountry "RUS"]

1. e4 d5 2. exd5 Nf6 3. d4 Nxd5 4. c4 Nb6 5. Nf3 e6 6. Nc3 Be7 7. c5 Nd5 8. Bc4
Nxc3 9. bxc3 O-O 10. O-O b6 11. cxb6 axb6 12. Bf4 Bb7 13. Qe2 Nd7 14. Rfe1 Nf6
15. Ne5 Nd5 16. Bd2 c5 17. dxc5 Bxc5 18. Rad1 Qc7 19. Qg4 Bd6 20. Nf3 Nf6 21.
Qd4 Rfd8 22. Qh4 Ra4 23. Bf4 Rxc4 24. Rxd6 h6 25. Red1 Rxd6 26. Bxd6 Rxh4 27.
Bxc7 Bxf3 28. Rd8+ Kh7 29. gxf3 Nd5 30. Be5 Ra4 31. Rb8 f6 32. Bd4 Rxa2 33. h4
e5 34. Be3 Rc2 35. Bxb6 Rb2 36. Ba7 Rxb8 37. Bxb8 Nxc3 38. Kh2 Ne2 39. Bd6 h5
40. Ba3 Kg6 41. Bf8 Kf7 42. Bd6 Ke6 43. Bf8 Kf7 44. Bd6 Nd4 45. f4 e4 46. Bc5
Nf5 47. Kh3 Ke6 48. Be3 Kd5 49. Bb6 Kc4 50. Ba7 Kd3 51. Bc5 Ke2 0-1

[Event "Chigorin Memorial"]
[Site "St Petersburg"]
[Date "2015.10.10"]
[Round "8.110"]
[White "Balaian, Alina"]
[Black "Pavlova, Nataliy"]
[Result "1-0"]
[WhiteElo "2269"]
[BlackElo "2021"]
[PlyCount "79"]
[EventDate "2015.10.03"]
[EventRounds "9"]
[EventCountry "RUS"]

1. e4 c5 2. Nf3 Nc6 3. d4 cxd4 4. Nxd4 g6 5. c4 Nf6 6. Nc3 d6 7. Be2 Nxd4 8.
Qxd4 Bg7 9. Be3 O-O 10. Qd2 a5 11. Bd4 a4 12. O-O Qa5 13. Qe3 Be6 14. Rab1 Nd7
15. Bxg7 Kxg7 16. f4 Rfc8 17. b3 axb3 18. axb3 Qc5 19. Qxc5 Rxc5 20. Ra1 Rca5
21. Rac1 Nf6 22. Bd3 Bd7 23. h3 h5 24. b4 Ra3 25. e5 dxe5 26. fxe5 Nh7 27. Rfd1
Be6 28. Ne4 Bf5 29. Nc5 Bxd3 30. Rxd3 b6 31. Rxa3 Rxa3 32. Nd7 Rb3 33. b5 Ng5
34. Nxb6 Ne6 35. Nd5 Nc5 36. Rd1 e6 37. Nb6 Nd3 38. Nd7 Nf4 39. Rd2 Rb4 40. b6
1-0

[Event "Chigorin Memorial"]
[Site "St Petersburg"]
[Date "2015.10.10"]
[Round "8.111"]
[White "Muromtsev, Arthur"]
[Black "Terentev, Mikhail"]
[Result "1/2-1/2"]
[WhiteElo "2265"]
[BlackElo "2013"]
[PlyCount "84"]
[EventDate "2015.10.03"]
[EventRounds "9"]
[EventCountry "RUS"]

1. e4 c6 2. d4 d5 3. exd5 cxd5 4. Bd3 Nc6 5. c3 Qc7 6. h3 Nf6 7. Nf3 g6 8. O-O
Bf5 9. Re1 e6 10. Ne5 Nxe5 11. dxe5 Bxd3 12. Qxd3 Nd7 13. Bf4 Bg7 14. Qe2 O-O
15. Bg3 Qb6 16. Na3 Nc5 17. Rad1 Rfd8 18. Nb5 Bh6 19. Nd6 Bf8 20. Bh4 Rd7 21.
b4 Bxd6 22. exd6 Ne4 23. c4 Qxd6 24. c5 Qf4 25. Qg4 Qxg4 26. hxg4 Nc3 27. Rd2
a5 28. a3 axb4 29. axb4 Rc7 30. f3 Rc6 31. Bf6 Nb5 32. g5 Rca6 33. Ree2 Ra4 34.
Rb2 Ra3 35. Rec2 Ra1+ 36. Kh2 Na3 37. c6 bxc6 38. Rxc6 Nc4 39. Rb3 R1a7 40. Rb1
Rb8 41. Kg3 Rab7 42. Ra6 Kf8 1/2-1/2

[Event "Chigorin Memorial"]
[Site "St Petersburg"]
[Date "2015.10.10"]
[Round "8.112"]
[White "Vaseptsov, Maxim"]
[Black "Bubnov, Kirill"]
[Result "1-0"]
[WhiteElo "2241"]
[BlackElo "1988"]
[PlyCount "53"]
[EventDate "2015.10.03"]
[EventRounds "9"]
[EventCountry "RUS"]

1. e4 e6 2. d4 d5 3. Nd2 c5 4. exd5 Qxd5 5. dxc5 Bxc5 6. Ngf3 Nf6 7. Bd3 Nc6 8.
a3 O-O 9. Qe2 e5 10. Ne4 Be7 11. Bg5 Bg4 12. c3 Nxe4 13. Bxe4 Qe6 14. Bxe7 Qxe7
15. O-O Bxf3 16. Qxf3 Qf6 17. Qe3 Na5 18. Rfe1 h6 19. Bd5 Rfe8 20. Rad1 Qb6 21.
Qg3 Qf6 22. Rd3 Re7 23. Qg4 Rd8 24. Red1 Rde8 25. Rf3 Qg5 26. Qa4 Qh5 27. Bxf7+
1-0

[Event "Chigorin Memorial"]
[Site "St Petersburg"]
[Date "2015.10.10"]
[Round "8.113"]
[White "Kantyshev, Nikita"]
[Black "Turikov, Viktor"]
[Result "1/2-1/2"]
[WhiteElo "2030"]
[BlackElo "2239"]
[PlyCount "124"]
[EventDate "2015.10.03"]
[EventRounds "9"]
[EventCountry "RUS"]

1. e4 b6 2. d4 Bb7 3. f3 e6 4. Be3 c5 5. c3 Nf6 6. Bd3 Nc6 7. a3 d6 8. Ne2 Be7
9. Nd2 a5 10. Bb5 O-O 11. O-O Qc7 12. Ng3 Ba6 13. Bxa6 Rxa6 14. Qe2 Qb7 15. f4
b5 16. e5 Nd5 17. exd6 Bxd6 18. dxc5 Bc7 19. Nde4 a4 20. f5 exf5 21. Nxf5 Nce7
22. Nxe7+ Nxe7 23. Qf3 Qb8 24. h3 Rg6 25. Rad1 f5 26. Nd6 Bxd6 27. cxd6 Rxd6
28. Bc5 Rxd1 29. Rxd1 Qe5 30. Qf2 Rc8 31. Bxe7 Qxe7 32. Qxf5 Qc5+ 33. Qxc5 Rxc5
34. Rd7 h5 35. h4 Kh7 36. Rd6 g6 37. Rd7+ Kh6 38. Rb7 Rf5 39. Kh2 Rf4 40. Rxb5
Rxh4+ 41. Kg3 Re4 42. Kf3 Re1 43. Rb4 Rb1 44. g3 Kg5 45. Rb5+ Kf6 46. g4 Rf1+
47. Kg2 Re1 48. gxh5 gxh5 49. Rb4 Kg5 50. Kf2 Rd1 51. Rxa4 Rd2+ 52. Kg3 Rd3+
53. Kf2 Rd2+ 54. Kf3 Rxb2 55. Ra5+ Kh4 56. a4 Ra2 57. Rb5 Ra3 58. Rb4+ Kh3 59.
Rc4 h4 60. Kf2 Ra2+ 61. Kf3 Ra1 62. Kf2 Ra2+ 1/2-1/2

[Event "Chigorin Memorial"]
[Site "St Petersburg"]
[Date "2015.10.10"]
[Round "8.114"]
[White "Royset, Pal"]
[Black "Yakimenko, Viktoria"]
[Result "1/2-1/2"]
[WhiteElo "2234"]
[BlackElo "1974"]
[PlyCount "109"]
[EventDate "2015.10.03"]
[EventRounds "9"]
[EventCountry "RUS"]

1. e4 c5 2. c3 d5 3. exd5 Qxd5 4. d4 Nc6 5. Nf3 Bg4 6. Be2 e6 7. h3 Bh5 8. O-O
Nf6 9. Be3 cxd4 10. cxd4 Be7 11. Nc3 Qd6 12. Nb5 Qb8 13. Qb3 O-O 14. Nc3 Rd8
15. Rfd1 Nb4 16. Rac1 Nbd5 17. Nxd5 Nxd5 18. a4 Qd6 19. Rc4 h6 20. g4 Bg6 21.
Ne5 Be4 22. Rdc1 f6 23. Nf3 Nf4 24. Bxf4 Qxf4 25. Qe3 Bd6 26. Kf1 Rab8 27. Nd2
Bd5 28. R4c3 Qh2 29. Ke1 Bf4 30. Qd3 Bxd2+ 31. Qxd2 Qh1+ 32. Bf1 Bg2 33. Ke2
Bxf1+ 34. Rxf1 Qe4+ 35. Re3 Qxd4 36. Qxd4 Rxd4 37. Rc1 e5 38. Rc7 Rxa4 39. Rd3
Rd4 40. Rxd4 exd4 41. Kd3 Kh7 42. Kxd4 Kg6 43. Rd7 f5 44. gxf5+ Kf6 45. Kd3 a6
46. b4 b5 47. Ke4 Re8+ 48. Kf4 Ra8 49. Rd6+ Ke7 50. Re6+ Kf7 51. Rb6 a5 52.
Rb7+ Kf6 53. Rb6+ Kf7 54. bxa5 Rxa5 55. Rb7+ 1/2-1/2

[Event "Chigorin Memorial"]
[Site "St Petersburg"]
[Date "2015.10.10"]
[Round "8.115"]
[White "Permin, Viktor"]
[Black "Zhikharev, Valeriy"]
[Result "1/2-1/2"]
[WhiteElo "1978"]
[BlackElo "2212"]
[PlyCount "104"]
[EventDate "2015.10.03"]
[EventRounds "9"]
[EventCountry "RUS"]

1. d4 Nf6 2. c4 c5 3. d5 b5 4. cxb5 a6 5. b6 d6 6. a4 a5 7. Nc3 g6 8. e4 Bg7 9.
Nf3 O-O 10. Be2 Na6 11. Nd2 Nb4 12. Nc4 Nd7 13. O-O Nxb6 14. Na3 e6 15. Nab5
exd5 16. exd5 Be5 17. f4 Bg7 18. Ne4 N6xd5 19. Nexd6 Be6 20. Bc4 Ra6 21. f5 Bd7
22. Nxf7 Rxf7 23. Bxd5 Nxd5 24. Qxd5 Qa8 25. Qc4 Raf6 26. Nd6 Be6 27. Qe2 Bxf5
28. Nxf7 Rxf7 29. Bg5 h6 30. Bh4 Qb7 31. Rad1 Qxb2 32. Rd8+ Kh7 33. Qxb2 Bxb2
34. g4 Be6 35. Rxf7+ Bxf7 36. Rd7 Kg8 37. Rc7 Bb3 38. Be1 Bxa4 39. Bxa5 Bd1 40.
h3 Be2 41. Kf2 Bd3 42. Bd2 Bg7 43. Ke3 c4 44. h4 Be5 45. Rd7 Bc2 46. g5 hxg5
47. hxg5 Bf5 48. Rb7 c3 49. Bc1 c2 50. Re7 Ba1 51. Ba3 Bc3 52. Rc7 Be5 1/2-1/2